| 000 | 00407nam a2200145Ia 4500 | ||
|---|---|---|---|
| 008 | 231221s9999 xx 000 0 und d | ||
| 041 | _aEnglish | ||
| 082 | _a378.155 RAM.4;1 R | ||
| 100 | _aRamesh Chandra | ||
| 245 | 0 | _aUniversity education and technology in 21 century V.4 | |
| 260 |
_c2003 _bKalpaz _aDelhi |
||
| 300 | _a309 | ||
| 650 | _aUniveras,education,technology,21,century,V.4 | ||
| 942 | _cED | ||
| 999 |
_c206419 _d206419 |
||